000 00201 a2200097 4500
001 7752
100 _aWright, A
245 _aCurrent transformers
260 _a
_bChapman Hall
_c
090 _c6209
_d6209
942 _aNUST-CAE
_cM
_c32722
999 _c242825
_d242825